| 000 | 00610nam a22001937a 4500 | ||
|---|---|---|---|
| 005 | 20260116121202.0 | ||
| 010 | _aENG-147508 | ||
| 020 |
_a9789367132241 _c699.00 |
||
| 035 | _aEN-131040 | ||
| 037 | _bDBAD | ||
| 082 |
_a000 _21 |
||
| 245 | _aComplete Companion to Banking Quantitative Aptitude | ||
| 250 | _a1 | ||
| 260 |
_aNoida _bPearson India Education _c2026 |
||
| 270 |
_a15th Floor, Towe-B, World Trade Tower, Plot No.1, Block-C, Sector-16 _bNoida _e201301 |
||
| 300 |
_avpp. _c25cm(pb) |
||
| 500 | _aUseful for RBI, SBI, IBPS, RRBs and other Exams | ||
| 942 |
_2ddc _cEN _h000 _mBAN |
||
| 999 |
_c214215 _d214215 |
||